000 02017nam0a2200409 4500
001 RU\NLR\bibl\1036485
005 20260405122338.0
010 _a5-484-00748-8
010 _a978-5-484-00748-6
021 _aRU
_b2006-79193
_94017
035 _a(nilc)RSL-KNO-002996105
035 _a(NLR Aleph) 001023907
090 _a715935
_c715935
100 _a20061208d2006 |||y0rusy50 ca
101 0 _arus
102 _aRU
105 _aa |||||||||
106 _ar
200 1 _aВопросы теории государственного регулирования и идентификации естественных монополий
_fН. И. Белоусова, Е. М. Васильева
210 _aМосква
_cURSS
_cКомКнига
_d2006
_eМ.
_gЛЕНАНД
215 _a318 с.
_cил.
_d22
225 1 _aТруды Института системного анализа Российской академии наук
320 _aБиблиогр.: с. 309-318
606 1 _aЕстественные монополии
_xГосударственное регулирование
_yРоссийская Федерация
_92377156
_3RU\NLR\auth\661418510
606 1 _aТранспорт
_yРоссийская Федерация
_92125826
_3RU\NLR\auth\661283171
610 0 _aЭкономика -- Российская Федерация -- Монополии -- Государственное регулирование
686 _aУ9(2)0-13-21,0
_2rubbk
686 _aУ9(2)-13-21(2Р)
686 _aУ37(2Р)
700 1 _4070
_8rus
_7ca
_aБелоусова
_bН. И.
_cэкономист
_gНаталия Ивановна
_3RU\NLR\auth\7748197
_931132
701 1 _4070
_8rus
_7ca
_aВасильева
_bЕ. М.
_cэкономист
_gЕлена Михайловна
_3RU\NLR\auth\7748203
_931138
801 0 _aRU
_bРКП
_c20061208
_grcr
801 1 _aRU
_bРГБ
_c20061208
801 2 _aRU
_bNLR
_c20070126
_grcr
942 _cBOOK
980 _aNB